| 000 | 00654nam a2200205 i 4500 | ||
|---|---|---|---|
| 001 | bg | ||
| 100 | 1 | _aFLEMING, Edward. | |
| 245 | 0 |
_aŚrodki audiowizualne w naucznaiu / _cEdward Fleming. |
|
| 260 |
_aWarszawa : _bPańst. Zakłady Wydawnictw Szkolnych, _c1965. |
||
| 300 |
_a202, [1] s. : _bfot., rys. ; _c22 cm. |
||
| 490 | 1 |
_aBiblioteka Nauczyciela. Treść i Metody Nauczania ; _v3 |
|
| 500 | _aNumeracja ser. gł. : B. | ||
| 650 | 9 |
_aNauczanie _xmetody |
|
| 830 | 0 |
_aBiblioteka Nauczyciela. _pTreść i Metody Nauczania ; _v3 |
|
| 040 | _cBPK | ||
| 041 | _apol | ||
| 080 | _a371.333 | ||
| 942 | _cKS | ||
| 008 | s pl f |000 0 pol | ||
| 999 |
_c30476 _d30476 |
||
| 856 |
_uhttp://koha.tu.koszalin.pl/cgi-bin/koha/opac-detail.pl?biblionumber=30476 _yKatalog online BPK |
||